Styrene-butadiene rubber (SBR)- Determination of the microstructure of solution-polymerized SBR (Record no. 74072)

MARC details
000 -LEADER
fixed length control field 00468nam a2200133Ia 4500
245 #0 - TITLE STATEMENT
Title Styrene-butadiene rubber (SBR)- Determination of the microstructure of solution-polymerized SBR
260 ## - PUBLICATION, DISTRIBUTION, ETC. (IMPRINT)
Place of publication Geneva, Switzerland
260 ## - PUBLICATION, DISTRIBUTION, ETC. (IMPRINT)
Year of publication 2005
Name of publisher International Organization for Standardization
490 ## - SERIES STATEMENT
Series statement INTERNATIONAL STANDARDS
500 ## - GENERAL NOTE
General note Standard number: ISO 21561
650 ## - SUBJECT ADDED ENTRY--TOPICAL TERM
Topical Term STYRENE-BUTADIENE RUBBER
942 ## - ADDED ENTRY ELEMENTS (KOHA)
Koha item type Standards
Holdings
Withdrawn status Lost status Damaged status Not for loan Home library Current library Date acquired Koha item type
      Standards RRII Library RRII Library 31/12/2021 Standards